Préfectures et sous-préfectures de l'Île de France - Statistiques

Statistiques générales
  • Ce quiz a été pris 376 fois
  • Le résultat moyen est 17 sur 26
Statistiques - réponses
Département Ville % Correct
Paris - Préfecture Paris
99%
Yvelines - Préfecture Versailles
93%
Hauts-de-Seine - Préfecture Nanterre
91%
Essonne - Préfecture Evry-Courcouronnes
88%
Seine-et-Marne - Préfecture Melun
88%
Val-de-Marne - Préfecture Créteil
87%
Val-d'Oise - Préfecture Cergy
84%
Seine-Saint-Denis Saint-Denis
83%
Seine-Saint-Denis - Préfecture Bobigny
82%
Seine-et-Marne Meaux
71%
Hauts-de-Seine Boulogne-Billancourt
65%
Val-d'Oise Argenteuil
61%
Val-d'Oise Pontoise
61%
Seine-et-Marne Fontainebleau
58%
Yvelines Mantes-la-Jolie
57%
Hauts-de-Seine Antony
54%
Essonne Etampes
54%
Yvelines Rambouillet
51%
Val-d'Oise Sarcelles
51%
Essonne Palaiseau
46%
Yvelines Saint-Germain-en-Laye
45%
Seine-et-Marne Provins
44%
Seine-et-Marne Torcy
39%
Seine-Saint-Denis Le Raincy
38%
Val-de-Marne Nogent-sur-Marne
38%
Val-de-Marne L'Haÿ-les-Roses
37%
Aucun quiz correspondant
Distribution des résultats
% des personnes avec chaque résultat
Percentile par nombre de réponses
Votre historique - résultats
Vous n’avez pas pris ce quiz